00714 2200241 4500001002100000005001700021008004100038035002500079082001100104090002000115100003000135245009600165250001100261260003000272300002600302500002600328650003500354700002600389850001200415990001500427990001500442990001500457YOGYA-0209000002941420150319133729.0 ind  a0010-020900000029414 a297.12 aT 297.12bYas A aYASIN BIN NASIR EL-KHATIB aAntara Qur an dan dua testamencYasi bin NAsir Il-Khatib ; penerjemah, Fuad Moh. Fachruddin aCet. 1 aSurabayabBina Ilmuc1989 aiv, 92 hlm. ;c21 cm. aBibliografi : hlm. 92 aAl-Qur an - Perbandingan agama aFakhruddin, Fuad Moh. aYOPDYOG a82270-P/97 a82271-P/97 a82272-P/97